[Event "Online Olym Div3 B"]
[Site "Chess.com INT"]
[Date "2021.08.29"]
[Round "9.2"]
[White "Majdalawi, Amr"]
[Black "Santos, Bruno Miguel Araujo"]
[Result "1-0"]
[WhiteElo "1806"]
[BlackElo "1409"]
[PlyCount "41"]
[EventDate "2021.08.27"]
[EventType "team-tourn (rapid)"]
[EventRounds "9"]
[EventCountry "USA"]
[SourceTitle "CBM 204 Extra"]
[Source "ChessBase"]
[SourceDate "2021.11.30"]
[SourceVersion "1"]
[SourceVersionDate "2021.11.30"]
[SourceQuality "1"]
[WhiteTeam "Jordan"]
[BlackTeam "Kap Verde"]
[WhiteTeamCountry "JOR"]
[BlackTeamCountry "KAP"]

1. e4 c5 2. Nc3 d6 3. g3 Nc6 4. Bg2 Nf6 5. d3 e5 6. h3 Be7 7. f4 0-0 8. Nf3 a6 9. a4 Bd7 10. 0-0 Qb6 11. Kh2 Nd4 12. f5 a5 13. g4 g6 14. g5 Nh5 15. Nd5 Qd8 16. f6 Nc6 17. Nh4 Be6 18. fxe7 Nxe7 19. Nf6+ Nxf6 20. gxf6 Nc6 21. Qd2 1-0

[Event "Online Olym Div3 B"]
[Site "Chess.com INT"]
[Date "2021.08.28"]
[Round "5.2"]
[White "Santos, Bruno Miguel Araujo"]
[Black "Oluka, Robert Mcligeyo"]
[Result "1-0"]
[WhiteElo "1409"]
[BlackElo "1688"]
[PlyCount "59"]
[EventDate "2021.08.27"]
[EventType "team-tourn (rapid)"]
[EventRounds "9"]
[EventCountry "USA"]
[SourceTitle "CBM 204 Extra"]
[Source "ChessBase"]
[SourceDate "2021.11.30"]
[SourceVersion "1"]
[SourceVersionDate "2021.11.30"]
[SourceQuality "1"]
[WhiteTeam "Kap Verde"]
[BlackTeam "Kenya"]
[WhiteTeamCountry "KAP"]
[BlackTeamCountry "KEN"]

1. e4 c6 2. d4 d5 3. Nc3 dxe4 4. Nxe4 Nf6 5. Nxf6+ exf6 6. Nf3 Bd6 7. Bd3 0-0 8. 0-0 Re8 9. Re1 Bg4 10. Bd2 Rxe1+ 11. Qxe1 Bxf3 12. gxf3 Nd7 13. Kh1 Nf8 14. Qe4 Qd7 15. Rg1 Qh3 16. Bf4 Bxf4 17. Qxf4 Rd8 18. Qxf6 Ne6 19. Rxg7+ Nxg7 20. Qxd8+ Ne8 21. Qxe8+ Kg7 22. Qe5+ Kf8 23. Qg3 Qe6 24. Qe5 Qh3 25. Qb8+ Ke7 26. Qxb7+ Kf8 27. Qb8+ Ke7 28. Qg3 Qh6 29. f4 Qe6 30. Qe3 1-0